Welcome to WEB OPAC of MRSPTU Central Library

Advanced organic Chemistry part A (Record no. 5749)

MARC details
000 -LEADER
fixed length control field 00463nam a2200181Ia 4500
008 - FIXED-LENGTH DATA ELEMENTS--GENERAL INFORMATION
fixed length control field 230711s9999||||xx |||||||||||||| ||und||
020 ## - INTERNATIONAL STANDARD BOOK NUMBER
International Standard Book Number 978-81-322-0425-1
041 ## - LANGUAGE CODE
Language code of text/sound track or separate title ENG
082 ## - DEWEY DECIMAL CLASSIFICATION NUMBER
Classification number 541
Item number CA-A
100 ## - MAIN ENTRY--PERSONAL NAME
Personal name Carey,Francis A
245 #0 - TITLE STATEMENT
Title Advanced organic Chemistry part A
Remainder of title Structure and mechanisms
250 ## - EDITION STATEMENT
Edition statement 5th Ed.
260 ## - PUBLICATION, DISTRIBUTION, ETC.
Date of publication, distribution, etc. 2016
Place of publication, distribution, etc. New Delhi
Name of publisher, distributor, etc. Springer
300 ## - PHYSICAL DESCRIPTION
Extent 1199p.
650 ## - SUBJECT ADDED ENTRY--TOPICAL TERM
Topical term or geographic name entry element Chemistry
700 ## - ADDED ENTRY--PERSONAL NAME
Personal name Sundberg,Richard J
942 ## - ADDED ENTRY ELEMENTS (KOHA)
Koha item type Book
Holdings
Withdrawn status Lost status Damaged status Not for loan Collection Home library Current library Date acquired Cost, normal purchase price Inventory number Total checkouts Full call number Barcode Date last seen Price effective from Koha item type Date last checked out Source of acquisition
          MRSPTU Central Library MRSPTU Central Library   995.00 49542485   541 CA-A 31080 08/17/2023 08/17/2023 Book    
          MRSPTU Central Library MRSPTU Central Library         547 CA-A 20753 08/17/2023 08/17/2023 Book    
          MRSPTU Central Library MRSPTU Central Library       2 547 CA-A 20754 02/25/2026 08/17/2023 Book 02/25/2026  
          MRSPTU Central Library MRSPTU Central Library         547 CA-A 20755 08/17/2023 08/17/2023 Book    
          MRSPTU Central Library MRSPTU Central Library   995.00 49542485   541 CA-A 31081 08/17/2023 08/17/2023 Book    
          MRSPTU Central Library MRSPTU Central Library 10/08/2043 1990.00 KBD/2017-2018/1019943059   547 CA-A 40105 08/17/2023 08/17/2023 Book   Krishna Book Distributors
          MRSPTU Central Library MRSPTU Central Library 10/08/2043 1990.00 KBD/2017-2018/1019943059   547 CA-A 40106 08/17/2023 08/17/2023 Book   Krishna Book Distributors

Website Designed and Developed by MRSPTU Central Library Team

E-mail Id: librarian@mrsptu.ac.in